[Event "Championnat de France des Jeunes - Juni"]
[Site "TROYES"]
[Date "2010.04.13"]
[Round "4.1"]
[White "Delorme, Axel"]
[Black "Blum, Nicolas"]
[Result "1-0"]
[WhiteElo "2429"]
[BlackElo "2268"]
[PlyCount "43"]
[EventDate "2010.??.??"]

1. d4 Nf6 2. c4 e6 3. g3 c5 4. d5 exd5 5. cxd5 b5 6. Bg2 Bb7 7. e4 d6 8. Qe2 a6
9. a4 b4 10. a5 g6 11. Nd2 Bg7 12. Nc4 O-O 13. Bf4 Ne8 14. Nf3 Nd7 15. O-O Ndf6
16. Rad1 Nh5 17. Bg5 Nhf6 18. e5 dxe5 19. Nfxe5 Nd6 20. Nc6 Re8 21. Nxd8 Rxe2
22. Nxd6 1-0

[Event "Championnat de France des Jeunes - Juni"]
[Site "TROYES"]
[Date "2010.04.13"]
[Round "4.2"]
[White "Roubert, Emile"]
[Black "Valles, Manuel"]
[Result "1/2-1/2"]
[WhiteElo "1925"]
[BlackElo "2242"]
[Annotator "Rivier,Sylvain"]
[PlyCount "51"]
[EventDate "2010.??.??"]

1. e4 c5 2. Nf3 Nc6 3. c3 Nf6 4. e5 Nd5 5. d4 cxd4 6. cxd4 d6 7. Bc4 dxe5 8.
Bxd5 Qxd5 9. Nc3 Qd6 10. d5 Nd4 11. Nxd4 exd4 12. Qxd4 e5 13. Qd3 Bd7 14. O-O
Be7 15. f4 O-O 16. f5 Qb6+ 17. Be3 Bc5 18. Bxc5 Qxc5+ 19. Kh1 f6 20. Ne4 Qd6
21. Rf2 Rfd8 22. Rd1 Rac8 23. b3 Bc6 24. Rc2 Rc7 25. Qc4 Kh8 26. Rdd2 {
suite illisible} 1/2-1/2

[Event "Championnat de France des Jeunes - Juni"]
[Site "TROYES"]
[Date "2010.04.13"]
[Round "4.3"]
[White "Migot, Tangi"]
[Black "Younes, Jean-Francois"]
[Result "1-0"]
[WhiteElo "2195"]
[BlackElo "1777"]
[PlyCount "77"]
[EventDate "2010.??.??"]

1. e4 d6 2. d4 Nf6 3. Nc3 g6 4. Be3 Bg7 5. h3 c6 6. f4 O-O 7. Qf3 b5 8. e5 dxe5
9. dxe5 Nd5 10. Nxd5 cxd5 11. O-O-O Bb7 12. Kb1 Qc7 13. Bd4 a6 14. Bd3 e6 15.
Ne2 Nc6 16. h4 Nb4 17. h5 Nxd3 18. cxd3 Rfc8 19. Rc1 Qa5 20. hxg6 hxg6 21. Bc5
f6 22. Qh3 Kf7 23. exf6 Rh8 24. Qe3 Bxf6 25. Nd4 Rae8 26. Nf3 d4 27. Bxd4 Bxf3
28. Bxf6 Rxh1 29. Rxh1 Bh5 30. Bd4 b4 31. g4 Qd5 32. Rg1 Rd8 33. Be5 b3 34.
gxh5 bxa2+ 35. Ka1 Qb3 36. hxg6+ Ke8 37. g7 Kf7 38. g8=Q+ Rxg8 39. Qa7+ 1-0

[Event "Championnat de France des Jeunes - Juni"]
[Site "TROYES"]
[Date "2010.04.13"]
[Round "4.4"]
[White "Lemarchand, Matthieu"]
[Black "Devallee, Jeremie"]
[Result "1-0"]
[WhiteElo "1833"]
[BlackElo "2044"]
[PlyCount "67"]
[EventDate "2010.??.??"]

1. e4 e6 2. d4 d5 3. Nc3 Bb4 4. Qg4 Nf6 5. Qxg7 Rg8 6. Qh6 dxe4 7. Nge2 c5 8.
Bg5 Rg6 9. Qh4 cxd4 10. O-O-O e5 11. Nxe4 Be7 12. Bxf6 Bxf6 13. Qxh7 Nc6 14.
N2g3 Be6 15. a3 Rc8 16. Nh5 Bg5+ 17. Kb1 Qd5 18. Bc4 Qxe4 19. Ng7+ Rxg7 20.
Qxe4 Bxc4 21. h4 Bf6 22. Qf5 Be6 23. Qxf6 Rg6 24. Qf3 Bg4 25. Qe4 Bxd1 26. Rxd1
Re6 27. h5 Ne7 28. g4 Kd7 29. f4 exf4 30. Rxd4+ Ke8 31. Qxf4 Re1+ 32. Ka2 Rxc2
33. Re4 Rd1 34. Qe5 1-0

[Event "Championnat de France des Jeunes - Juni"]
[Site "TROYES"]
[Date "2010.04.13"]
[Round "4.5"]
[White "Demuth, Adrien"]
[Black "Morlino, Jean-Baptiste"]
[Result "1-0"]
[WhiteElo "2398"]
[BlackElo "2013"]
[PlyCount "39"]
[EventDate "2010.??.??"]

1. d4 d5 2. c4 c6 3. Nf3 Nf6 4. Qb3 dxc4 5. Qxc4 Bf5 6. g3 e6 7. Bg2 Be7 8. O-O
Na6 9. Nc3 Nc7 10. Ne5 O-O 11. e4 Bg6 12. Be3 Rc8 13. h3 Nd7 14. Rad1 a6 15. f4
Bd6 16. f5 Bxe5 17. dxe5 exf5 18. exf5 Nxe5 19. Qe2 Qe8 20. Bc5 1-0

[Event "Championnat de France des Jeunes - Juni"]
[Site "TROYES"]
[Date "2010.04.13"]
[Round "4.6"]
[White "Levitt, Olivier"]
[Black "Fougerit, Valentin"]
[Result "1/2-1/2"]
[WhiteElo "2004"]
[BlackElo "2205"]
[PlyCount "77"]
[EventDate "2010.??.??"]

1. e4 e5 2. Nf3 Nf6 3. Nxe5 d6 4. Nf3 Nxe4 5. c4 Be7 6. Nc3 Nxc3 7. bxc3 O-O 8.
d4 d5 9. Bd3 c5 10. O-O dxc4 11. Bxc4 Bg4 12. Ba3 Nd7 13. Re1 Bf6 14. Bb5 b6
15. h3 Bf5 16. g4 Bg6 17. Qa4 a6 18. Bxd7 b5 19. Qb3 Qxd7 20. Bxc5 Rfe8 21.
Rxe8+ Rxe8 22. Re1 h5 23. Qd1 Rxe1+ 24. Nxe1 hxg4 25. hxg4 Be4 26. Qe2 Bc6 27.
f3 Qc7 28. Qh2 Qd7 29. Qb8+ Qd8 30. Qxd8+ Bxd8 31. Kg2 Bg5 32. Bb4 Bd5 33. a3
Bc4 34. Kg3 Bd2 35. Ng2 g6 36. Kf2 Kg7 37. Ne3 Bxe3+ 38. Kxe3 Kf6 39. Ke4
1/2-1/2

[Event "Championnat de France des Jeunes - Juni"]
[Site "TROYES"]
[Date "2010.04.13"]
[Round "4.7"]
[White "Dubois, Pierre"]
[Black "Lepigoche, Cyril"]
[Result "1-0"]
[WhiteElo "1882"]
[BlackElo "2100"]
[PlyCount "111"]
[EventDate "2010.??.??"]

1. e4 c5 2. Nf3 Nc6 3. d4 cxd4 4. Nxd4 g6 5. Be3 Bg7 6. Nc3 a6 7. Nd5 Rb8 8.
Nf5 Qa5+ 9. Bd2 Qa4 10. Nxg7+ Kf8 11. Bd3 Ne5 12. Bc3 Nxd3+ 13. Qxd3 f6 14. Nf5
gxf5 15. exf5 Qg4 16. Ne3 Qh5 17. f3 d6 18. O-O-O b5 19. g4 Qf7 20. Qd5 Bb7 21.
Qxf7+ Kxf7 22. Rhf1 h5 23. g5 h4 24. h3 Rh5 25. g6+ Kg7 26. Rd4 Nh6 27. Rf4 Bc8
28. Be1 Bxf5 29. Rxh4 Rxh4 30. Bxh4 Bxh3 31. Rg1 Be6 32. f4 Rc8 33. Rg2 Bxa2
34. f5 Rc5 35. Rf2 Re5 36. Kd2 Bd5 37. b3 Bb7 38. Bg3 Rc5 39. b4 Rc7 40. Bf4
Be4 41. Bxh6+ Kxh6 42. Rh2+ Kg7 43. Rh7+ Kg8 44. Ng4 Rxc2+ 45. Ke3 Rg2 46. Nh6+
Kf8 47. Kxe4 a5 48. bxa5 b4 49. a6 e6 50. a7 d5+ 51. Kf3 Ra2 52. g7+ Ke7 53.
g8=Q+ Kd6 54. Qxe6+ Kc5 55. Rc7+ Kd4 56. Qe3# 1-0

[Event "Championnat de France des Jeunes - Juni"]
[Site "TROYES"]
[Date "2010.04.13"]
[Round "4.8"]
[White "Moucheroud, Jeremy"]
[Black "Poey-Durut, Peio"]
[Result "1/2-1/2"]
[WhiteElo "2058"]
[BlackElo "1995"]
[PlyCount "56"]
[EventDate "2010.??.??"]

1. e4 c6 2. d4 d5 3. exd5 cxd5 4. c4 e6 5. Nc3 Bb4 6. Nf3 Nf6 7. cxd5 Nxd5 8.
Bd2 Nc6 9. Bd3 O-O 10. O-O Be7 11. Be4 Bf6 12. Bc1 Nce7 13. Qd3 h6 14. Qe2 Bd7
15. Bb1 Nxc3 16. bxc3 Bc6 17. Ne5 Bxe5 18. Qxe5 Qd5 19. Qg3 Qh5 20. Qd3 g6 21.
f3 Rac8 22. Re1 Bb5 23. Qd2 Nd5 24. a4 Ba6 25. Re5 Qh4 26. Re4 Qh5 27. Re5 Qh4
28. Re4 Qh5 1/2-1/2

[Event "Championnat de France des Jeunes - Juni"]
[Site "TROYES"]
[Date "2010.04.13"]
[Round "4.9"]
[White "Durandeau, Jean-Marie"]
[Black "Charrais, Kevin"]
[Result "0-1"]
[WhiteElo "2040"]
[BlackElo "1888"]
[PlyCount "88"]
[EventDate "2010.??.??"]

1. e4 e5 2. Nf3 Nc6 3. d4 exd4 4. Nxd4 Bc5 5. Nxc6 bxc6 6. Bc4 Qf6 7. Qf3 Qxf3
8. gxf3 Ne7 9. Nc3 d6 10. Rg1 Ng6 11. Be3 Bxe3 12. fxe3 Be6 13. Bb3 Bxb3 14.
axb3 O-O 15. Ra6 Ne7 16. Kf2 Rfb8 17. Rga1 Rb7 18. R1a5 f6 19. Ne2 c5 20. Nc3
c6 21. f4 Kf7 22. e5 fxe5 23. fxe5 d5 24. Na4 c4 25. bxc4 dxc4 26. Rc5 Rd7 27.
Rxc4 Rd2+ 28. Kg3 Nf5+ 29. Kf4 Rf2+ 30. Ke4 Ne7 31. h4 h6 32. Nc5 g5 33. hxg5
hxg5 34. Nd3 Rf1 35. Nb4 g4 36. e6+ Kf6 37. Kd3 g3 38. Rg4 Rd8+ 39. Ke2 Rf2+
40. Ke1 Rg2 41. Nxc6 Rh8 42. Kf1 Rxc2 43. Rxg3 Rh1+ 44. Rg1 Rc1+ 0-1

[Event "Championnat de France - Juniors Filles"]
[Site "TROYES"]
[Date "2010.04.13"]
[Round "3.1"]
[White "Vinckier, Delphine"]
[Black "Bartolo, Alexia"]
[Result "1-0"]
[WhiteElo "1811"]
[BlackElo "1553"]
[PlyCount "73"]
[EventDate "2010.??.??"]

1. e4 e5 2. Nc3 Nf6 3. Bc4 Nc6 4. d3 Bb4 5. Bg5 h6 6. Bd2 O-O 7. Nge2 Qe7 8.
O-O Rd8 9. Nd5 Nxd5 10. Bxd5 Bxd2 11. Qxd2 Qc5 12. Bb3 Ne7 13. d4 Qd6 14. f4
exd4 15. Qxd4 Qxd4+ 16. Nxd4 d5 17. exd5 Nxd5 18. c3 c5 19. Nf3 Nxf4 20. Ne5 g5
21. Nxf7 Rd2 22. Nxg5+ Kg7 23. Rxf4 hxg5 24. Rf7+ Kg6 25. Raf1 Rd6 26. Bc2+ Kh5
27. Rh7+ Rh6 28. Rxh6+ Kxh6 29. Rf8 Kg7 30. Rd8 Kf6 31. Bd1 Ke7 32. Rh8 Kd6 33.
Bg4 Kc7 34. Kf2 Rb8 35. Rxc8+ Rxc8 36. Bxc8 Kxc8 37. Kf3 1-0

[Event "Championnat de France - Juniors Filles"]
[Site "TROYES"]
[Date "2010.04.13"]
[Round "3.2"]
[White "Mallard, Ophelie"]
[Black "Peyre, Camille"]
[Result "0-1"]
[WhiteElo "1670"]
[BlackElo "1931"]
[PlyCount "86"]
[EventDate "2010.??.??"]

1. f4 d5 2. Nf3 g6 3. e3 Bg7 4. d4 Nf6 5. Bd3 c5 6. O-O Qc7 7. b3 O-O 8. Nbd2
cxd4 9. Nxd4 Nc6 10. Nxc6 Qxc6 11. Rb1 Ng4 12. Nf3 e5 13. fxe5 Nxe5 14. Nxe5
Bxe5 15. Ba3 Re8 16. Qe2 Qc7 17. Qf3 Bxh2+ 18. Kh1 Be6 19. Bb2 Be5 20. Bxe5
Qxe5 21. Kg1 Rac8 22. c4 b6 23. cxd5 Bxd5 24. e4 Be6 25. Bc4 Bxc4 26. bxc4 Qd4+
27. Kh2 Qxc4 28. Rb4 Qe6 29. Kh1 Rf8 30. Qe3 Qxa2 31. e5 Qd5 32. Rh4 Rc2 33.
Rg1 Qd2 34. Qh3 Rc3 35. Qg4 Rc1 36. e6 Rxg1+ 37. Kxg1 Qe1+ 38. Kh2 Qxe6 39. Qa4
a5 40. Re4 Qd6+ 41. Kh1 Rd8 42. Qb5 Qd1+ 43. Kh2 Qh5+ 0-1

[Event "Championnat de France - Juniors Filles"]
[Site "TROYES"]
[Date "2010.04.13"]
[Round "3.3"]
[White "Langlet, Stephanie"]
[Black "Richard, Emma"]
[Result "0-1"]
[WhiteElo "1470"]
[BlackElo "2116"]
[PlyCount "80"]
[EventDate "2010.??.??"]

1. e4 c5 2. d3 Nc6 3. Be3 e6 4. Nf3 Nf6 5. Nbd2 d5 6. c3 Be7 7. Be2 O-O 8. O-O
Qc7 9. exd5 exd5 10. d4 Ng4 11. dxc5 Nxe3 12. fxe3 Bxc5 13. Nd4 Qe5 14. N2f3
Qxe3+ 15. Kh1 Re8 16. Bb5 Bd7 17. Bxc6 bxc6 18. Re1 Qf4 19. Qd2 Bd6 20. Qxf4
Bxf4 21. b3 c5 22. Nc2 Bg4 23. h3 Bf5 24. Na3 Bg3 25. Rxe8+ Rxe8 26. Rd1 Be4
27. Nc2 Bxc2 28. Rc1 Be4 29. b4 cxb4 30. cxb4 Bxf3 31. gxf3 Re1+ 32. Rxe1 Bxe1
33. Kg1 Bxb4 34. Kf2 Bc5+ 35. Ke2 f5 36. a4 Kf7 37. h4 h5 38. f4 Ke6 39. Kd3
Bf2 40. a5 Bxh4 0-1

[Event "Championnat de France - Juniors Filles"]
[Site "TROYES"]
[Date "2010.04.13"]
[Round "3.5"]
[White "Esposito, Julie"]
[Black "Sanchez, Amelie"]
[Result "1/2-1/2"]
[WhiteElo "1767"]
[BlackElo "1860"]
[PlyCount "68"]
[EventDate "2010.??.??"]

1. d4 Nf6 2. c4 g6 3. Nc3 Bg7 4. e4 d6 5. f3 Nc6 6. Be3 e5 7. d5 Ne7 8. Bd3 O-O
9. Nge2 Ne8 10. g4 c6 11. Qd2 Bd7 12. h4 f6 13. Ng3 c5 14. Bh6 Kf7 15. Ke2 Ng8
16. Bxg7 Nxg7 17. g5 Ke7 18. h5 Be8 19. hxg6 Bxg6 20. Nf5+ Kf7 21. Rag1 fxg5
22. Rxg5 Qf6 23. Nb5 Rad8 24. b3 a6 25. Nc3 Ke8 26. Na4 Kd7 27. Rhg1 Ne7 28.
Kd1 Nc8 29. b4 b6 30. bxc5 dxc5 31. Kc2 Nh5 32. Rb1 Nf4 33. Rbg1 Nh3 34. Qe3
Nxg1 1/2-1/2

[Event "Championnat de France - Juniors Filles"]
[Site "TROYES"]
[Date "2010.04.13"]
[Round "3.6"]
[White "Le Berre, Tennessee"]
[Black "Armas, Lara-Maria"]
[Result "0-1"]
[WhiteElo "1799"]
[BlackElo "2008"]
[PlyCount "100"]
[EventDate "2010.??.??"]

1. e4 d5 2. exd5 Qxd5 3. Nc3 Qd6 4. d4 Nf6 5. Nf3 a6 6. Bc4 Nc6 7. h3 e6 8. Be3
Be7 9. O-O O-O 10. Re1 b5 11. Bd3 Nb4 12. Ne4 Nxe4 13. Bxe4 Nd5 14. Qd2 Rb8 15.
Bg5 Bb7 16. Bxe7 Qxe7 17. Ne5 Rfd8 18. Nd3 Nf6 19. Bxb7 Rxb7 20. Qf4 Qd6 21.
Qf3 Qd5 22. Qxd5 Rxd5 23. c3 Nd7 24. a4 g6 25. axb5 axb5 26. Nb4 Rd6 27. Ra8+
Kg7 28. f4 c5 29. Nc2 cxd4 30. Nxd4 b4 31. Kf2 bxc3 32. bxc3 Nb6 33. Ra2 Nd5
34. c4 Nxf4 35. Rd2 Rdd7 36. Ke3 Nh5 37. c5 Rdc7 38. Rc1 Nf6 39. Kf4 Kf8 40.
Ke5 Ke7 41. Rdc2 Nd7+ 42. Ke4 f5+ 43. Kd3 Rb4 44. Nf3 Rb3+ 45. Kd4 Rb4+ 46. Kc3
Re4 47. Kd3 Ne5+ 48. Kd2 Nxf3+ 49. gxf3 Rh4 50. Rh1 Kd7 0-1

[Event "Championnat de France des Jeunes - Cade"]
[Site "TROYES"]
[Date "2010.04.13"]
[Round "4.1"]
[White "Mouhamad, Joachin"]
[Black "Buscara, Sevan"]
[Result "0-1"]
[WhiteElo "2082"]
[BlackElo "2238"]
[PlyCount "104"]
[EventDate "2010.??.??"]

1. e4 d5 2. exd5 Qxd5 3. Nc3 Qa5 4. d4 Nf6 5. Nf3 Bf5 6. Bc4 c6 7. Bd2 e6 8.
Nd5 Qd8 9. Nxf6+ gxf6 10. Bb3 a5 11. c3 Rg8 12. Bf4 Be7 13. Bg3 Qb6 14. Qe2 Nd7
15. O-O-O a4 16. Bc2 a3 17. b3 Bg6 18. Bxg6 hxg6 19. Nd2 Qa5 20. Qd3 Qd5 21. f3
b5 22. Qe4 f5 23. Qxd5 cxd5 24. Kc2 Rc8 25. Kd3 Nf6 26. Rc1 Nh5 27. Nb1 Kd7 28.
Rc2 g5 29. b4 f4 30. Be1 g4 31. Nxa3 Kc6 32. Nb1 Ra8 33. a3 f6 34. Re2 Kd6 35.
Bd2 e5 36. Bc1 Rg5 37. Nd2 Ng7 38. Kc2 Rh8 39. Kb3 Nf5 40. fxg4 Ng3 41. hxg3
Rxh1 42. gxf4 exf4 43. Ne4+ dxe4 44. Bxf4+ Kd5 45. Bxg5 fxg5 46. a4 bxa4+ 47.
Kxa4 Kc4 48. Ka5 Kd3 49. Ra2 Kxc3 50. b5 Bd8+ 51. Ka6 e3 52. Kb7 Kxd4 0-1

[Event "Championnat de France des Jeunes - Cade"]
[Site "TROYES"]
[Date "2010.04.13"]
[Round "4.2"]
[White "Bertrand, Quentin"]
[Black "Dubessay, Bastien"]
[Result "0-1"]
[WhiteElo "2063"]
[BlackElo "2212"]
[PlyCount "74"]
[EventDate "2010.??.??"]

1. e4 c5 2. Nf3 d6 3. d4 cxd4 4. Nxd4 Nf6 5. Nc3 a6 6. Bc4 e6 7. Bb3 Nc6 8. Be3
Qc7 9. Qe2 Na5 10. O-O-O b5 11. Bg5 Be7 12. Bxf6 Bxf6 13. Nf5 Nxb3+ 14. axb3
exf5 15. Nd5 Qd8 16. exf5+ Kf8 17. g4 Bb7 18. f4 h6 19. Rhg1 Rc8 20. Qd3 Kg8
21. Kb1 Rc5 22. Ne3 d5 23. c3 Rc8 24. Nxd5 Bxd5 25. Qxd5 Qxd5 26. Rxd5 Rd8 27.
Rxd8+ Bxd8 28. Rd1 Bc7 29. Rd7 Bxf4 30. h3 h5 31. Rd8+ Kh7 32. Rd4 Bg5 33. b4
Rd8 34. Re4 h4 35. Re1 Rd2 36. Rh1 Bf4 37. Ka2 Kh6 0-1

[Event "Championnat de France des Jeunes - Cade"]
[Site "TROYES"]
[Date "2010.04.13"]
[Round "4.3"]
[White "Ludwig, Remi"]
[Black "Gertosio, Franck"]
[Result "1-0"]
[WhiteElo "2200"]
[BlackElo "2068"]
[PlyCount "47"]
[EventDate "2010.??.??"]

1. d4 d6 2. e4 Nf6 3. Nc3 e5 4. Nf3 Nbd7 5. g4 exd4 6. Nxd4 Nc5 7. g5 Nfxe4 8.
Qe2 Qe7 9. Nd5 Qe5 10. Nxc7+ Kd8 11. Nf3 Qf5 12. Nxa8 b6 13. Be3 Ba6 14. Qd1
Bb7 15. Bg2 Bxa8 16. Qe2 Be7 17. h4 f6 18. O-O-O Re8 19. Bh3 Nc3 20. Qc4 Qxf3
21. Qxc3 fxg5 22. hxg5 Qf7 23. Bxc5 Bxh1 24. Bxb6+ 1-0

[Event "Championnat de France des Jeunes - Cade"]
[Site "TROYES"]
[Date "2010.04.13"]
[Round "4.4"]
[White "Naudion, Gregoire"]
[Black "Dionisi, Thomas"]
[Result "0-1"]
[WhiteElo "2026"]
[BlackElo "2142"]
[PlyCount "152"]
[EventDate "2010.??.??"]

1. e4 c5 2. Nf3 Nc6 3. d4 cxd4 4. Nxd4 e5 5. Nb5 d6 6. N1c3 a6 7. Na3 b5 8. Nd5
Nge7 9. Bg5 h6 10. Bh4 Qa5+ 11. c3 Nxd5 12. Qxd5 Qc7 13. Qd2 Be6 14. Nc2 Be7
15. Bg3 O-O 16. Be2 Bg5 17. f4 exf4 18. h4 Bf6 19. Bxf4 Ne5 20. O-O-O Rfd8 21.
Nb4 a5 22. Nd5 Bxd5 23. Qxd5 a4 24. g4 g5 25. Bxe5 dxe5 26. Qxb5 a3 27. Qc4 Qb6
28. Rxd8+ Rxd8 29. bxa3 gxh4 30. Kc2 Bg5 31. Rd1 Rxd1 32. Bxd1 h3 33. Qc8+ Kg7
34. Qf5 Qd6 35. Qf2 Qxa3 36. Kd3 Bf4 37. Bb3 h2 38. Qh4 Qa6+ 39. Bc4 Qb6 40.
Kc2 Qf6 41. Qh3 Qd6 42. Bd5 Qf6 43. Bc4 Bg3 44. Bf1 Qf4 45. Bg2 Qf2+ 46. Kb3
Bf4 47. Qf3 Qb6+ 48. Kc2 Qa5 49. Kb3 Qb5+ 50. Kc2 Qc4 51. Kb2 Qc5 52. Bh1 Qg1
53. Qg2 Qc1+ 54. Kb3 Bd2 55. Qf3 Bxc3 56. Qxc3 Qxh1 57. Qxe5+ Kh7 58. Qf5+ Kg8
59. Qc8+ Kg7 60. Qc3+ Kh7 61. Qf6 Qd1+ 62. Ka3 Qd3+ 63. Kb2 Qb5+ 64. Kc3 Qg5
65. Qf3 Qe5+ 66. Kd3 Kg7 67. Qg2 Qf4 68. Qb2+ Kg6 69. Qg2 Kg5 70. e5 Qxe5 71.
a4 Kh4 72. Qb7 Qg3+ 73. Kc2 Qf2+ 74. Kb3 Kg3 75. Kc4 Qf3 76. Qb8+ Qf4+ 0-1

[Event "Championnat de France des Jeunes - Cade"]
[Site "TROYES"]
[Date "2010.04.13"]
[Round "4.5"]
[White "Hutois, Mickael"]
[Black "Massoni, Michael"]
[Result "0-1"]
[WhiteElo "2110"]
[BlackElo "2292"]
[PlyCount "72"]
[EventDate "2010.??.??"]

1. e4 c5 2. Nf3 e6 3. d4 cxd4 4. Nxd4 Nc6 5. Nb5 Nf6 6. N1c3 Bb4 7. a3 Bxc3+ 8.
Nxc3 d5 9. exd5 exd5 10. Bf4 d4 11. Nb5 O-O 12. Nc7 Rb8 13. Bd3 a6 14. O-O Bg4
15. f3 Bh5 16. b4 Rc8 17. b5 Ne7 18. b6 Ned5 19. Nxd5 Nxd5 20. Qd2 Qf6 21. Bg5
Qxb6 22. Rfb1 Qc7 23. Rb3 Nc3 24. Rb4 Bg6 25. Rxd4 Qe5 26. Bc4 Nb5 27. Bxb5
Rxc2 28. Qe3 Qxb5 29. Rad1 Re2 30. Qc1 h6 31. Bf4 Rfe8 32. Rb4 Qf5 33. Qc7 b5
34. Rbd4 Rc2 35. Qb7 Qc5 36. Bd6 Qxd4+ 0-1

[Event "Championnat de France des Jeunes - Cade"]
[Site "TROYES"]
[Date "2010.04.13"]
[Round "4.7"]
[White "Di Nicolantonio, Lucas"]
[Black "Silva, Francis"]
[Result "0-1"]
[WhiteElo "2215"]
[BlackElo "2064"]
[PlyCount "50"]
[EventDate "2010.??.??"]

1. e4 e6 2. d4 d5 3. e5 c5 4. c3 Nc6 5. Nf3 Qb6 6. a3 Nh6 7. b4 cxd4 8. cxd4
Nf5 9. Bb2 Bd7 10. g4 Nh6 11. Rg1 f6 12. Nc3 fxe5 13. Na4 Qd8 14. dxe5 Be7 15.
Rc1 O-O 16. Nc5 Bc8 17. Bd3 Rf4 18. h3 Qf8 19. Rg3 a5 20. g5 Nf5 21. Rg4 Ne3
22. Rxf4 Ng2+ 23. Kf1 Nxf4 24. b5 Bxc5 25. bxc6 bxc6 0-1

[Event "Championnat de France des Jeunes - Cade"]
[Site "TROYES"]
[Date "2010.04.13"]
[Round "4.8"]
[White "Geronimi, Pierre-Francois"]
[Black "Song, Julien"]
[Result "0-1"]
[WhiteElo "1961"]
[BlackElo "2329"]
[PlyCount "90"]
[EventDate "2010.??.??"]

1. e4 e6 2. Nf3 d5 3. e5 c5 4. b4 b6 5. bxc5 bxc5 6. c3 Ne7 7. d4 Nec6 8. a3
cxd4 9. cxd4 Ba6 10. Bxa6 Qa5+ 11. Bd2 Qxa6 12. Nc3 Be7 13. Qe2 O-O 14. O-O
Qxe2 15. Nxe2 Nd7 16. Rfc1 Rfc8 17. Bb4 Bd8 18. Nc3 Nxb4 19. axb4 Rcb8 20. b5
Nb6 21. Ne1 Nc4 22. Nd3 Ba5 23. Nc5 Bxc3 24. Rxc3 Rxb5 25. Na6 Rb2 26. g3 Rc8
27. Nc5 a5 28. Nd3 Rb5 29. Nc5 h6 30. Rcc1 Rcb8 31. Na6 R8b6 32. Nc5 Kh7 33. h4
h5 34. Na4 Rb8 35. Nc5 Rb2 36. Rd1 Rc2 37. Na4 Rb4 38. Nc5 Nb2 39. Rdb1 Rxd4
40. Nb3 Re4 41. Rxa5 Nd3 42. Rd1 Nxf2 43. Rd2 Nh3+ 44. Kg2 Rxd2+ 45. Nxd2 Re2+
0-1

[Event "Championnat de France des Jeunes - Cade"]
[Site "TROYES"]
[Date "2010.04.13"]
[Round "4.9"]
[White "Ollier, Pablo"]
[Black "Muratet, Lucas"]
[Result "1-0"]
[WhiteElo "2294"]
[BlackElo "1961"]
[PlyCount "55"]
[EventDate "2010.??.??"]

1. d4 Nf6 2. c4 c5 3. d5 e6 4. Nc3 exd5 5. cxd5 d6 6. e4 g6 7. Bd3 Bg7 8. h3
O-O 9. Nf3 b5 10. Bxb5 Nxe4 11. Nxe4 Qa5+ 12. Nfd2 Qxb5 13. Nxd6 Qa6 14. N2c4
Nd7 15. O-O Nb6 16. Nxb6 Qxb6 17. Nxc8 Raxc8 18. Rb1 Bd4 19. Bg5 Rfe8 20. Qf3
Re5 21. Bf4 Ree8 22. b3 Qa5 23. d6 Rcd8 24. Qc6 Qxa2 25. Bg5 f6 26. Bh6 Kh8 27.
Qc7 f5 28. Bg5 1-0

[Event "Championnat de France des Jeunes - Cade"]
[Site "TROYES"]
[Date "2010.04.13"]
[Round "4.10"]
[White "Villegas, Pierre"]
[Black "Youssoupov, Moisse"]
[Result "0-1"]
[WhiteElo "2257"]
[BlackElo "1957"]
[PlyCount "56"]
[EventDate "2010.??.??"]

1. d4 Nf6 2. c4 c5 3. d5 e6 4. Nc3 exd5 5. cxd5 d6 6. Nf3 g6 7. Bf4 a6 8. e4
Bg7 9. Qa4+ Bd7 10. Qb3 Qe7 11. Bxd6 Qxd6 12. e5 Qc7 13. exf6 Bxf6 14. Be2 O-O
15. O-O Re8 16. Rfe1 Bf5 17. a4 Nd7 18. h3 h5 19. Rad1 Rad8 20. d6 Qb6 21. Qa3
Bg7 22. Rd2 Qa5 23. Red1 Nb6 24. Nd5 Nxd5 25. Rxd5 Rxe2 26. Rxc5 Qb6 27. Nd4
Bxd4 28. Rxd4 Qxb2 0-1

[Event "Championnat de France des Jeunes - Cade"]
[Site "TROYES"]
[Date "2010.04.13"]
[Round "4.1"]
[White "Macarry, Elodie"]
[Black "Soubirou, Oriane"]
[Result "0-1"]
[WhiteElo "1898"]
[BlackElo "2017"]
[PlyCount "45"]
[EventDate "2010.??.??"]

1. e4 e6 2. d4 d5 3. e5 c5 4. c3 Nc6 5. Nf3 Bd7 6. Bd3 f6 7. exf6 Nxf6 8. O-O
Bd6 9. Re1 O-O 10. dxc5 Bxc5 11. Be3 Bd6 12. Bg5 Qb6 13. Qc2 h6 14. Be3 Qc7 15.
h3 Nh5 16. Qe2 Nf4 17. Bxf4 Rxf4 18. c4 Raf8 19. Nc3 Rxf3 20. gxf3 Nd4 21. Qd1
Nxf3+ 22. Kh1 Bc5 23. Rf1 0-1

[Event "Championnat de France des Jeunes - Cade"]
[Site "TROYES"]
[Date "2010.04.13"]
[Round "4.2"]
[White "Auvray, Juliette"]
[Black "Klipper, Noemie"]
[Result "1-0"]
[WhiteElo "1974"]
[BlackElo "1872"]
[PlyCount "99"]
[EventDate "2010.??.??"]

1. e4 c5 2. Nf3 g6 3. d4 cxd4 4. Qxd4 Nf6 5. Nc3 Nc6 6. Qa4 d6 7. e5 Ng4 8. Bb5
Ngxe5 9. Nxe5 dxe5 10. Bxc6+ bxc6 11. Qxc6+ Bd7 12. Qd5 Bg7 13. O-O O-O 14. Bg5
Bf5 15. Qc5 Qb8 16. Nd5 Qxb2 17. Nxe7+ Kh8 18. Nxf5 gxf5 19. Rfb1 Qd4 20. Qxd4
exd4 21. Rb7 Rac8 22. Rc1 Rfe8 23. g3 f6 24. Bf4 d3 25. cxd3 Rxc1+ 26. Bxc1
Re1+ 27. Kg2 Rxc1 28. Rb8+ Bf8 29. Rxf8+ Kg7 30. Rd8 Rc7 31. Kf3 Kf7 32. Rd5
Ke6 33. Ra5 Rd7 34. Ke3 Rb7 35. Kd4 Rd7+ 36. Kc4 Rc7+ 37. Rc5 Rb7 38. Rc6+ Ke7
39. a4 a5 40. Kc5 Rb4 41. Rc7+ Kd8 42. Rxh7 Rxa4 43. f4 Ra3 44. d4 Rc3+ 45. Kd6
Kc8 46. Ra7 Rc2 47. Rxa5 Rxh2 48. Ra8+ Kb7 49. Rg8 Rh6 50. d5 1-0

[Event "Championnat de France des Jeunes - Cade"]
[Site "TROYES"]
[Date "2010.04.13"]
[Round "4.3"]
[White "De Seroux, Camille"]
[Black "Copin, Oceane"]
[Result "1/2-1/2"]
[WhiteElo "2019"]
[BlackElo "1871"]
[PlyCount "109"]
[EventDate "2010.??.??"]

1. e4 c6 2. d4 d5 3. Nc3 dxe4 4. Nxe4 Bf5 5. Ng3 Bg6 6. h4 h6 7. Nf3 Nf6 8. h5
Bh7 9. Bd3 Bxd3 10. Qxd3 e6 11. Bd2 Nbd7 12. O-O-O Qc7 13. Ne4 Nxe4 14. Qxe4
Nf6 15. Qe2 O-O-O 16. g3 Bd6 17. Kb1 Rhe8 18. Ne5 Bxe5 19. dxe5 Nd5 20. Rh4 Rd7
21. Ra4 Kb8 22. Rd4 Red8 23. c4 Nb6 24. Rd6 Nc8 25. Ba5 b6 26. Rxd7 Rxd7 27.
Rxd7 Qxd7 28. Qd2 Kc7 29. Bc3 Qe8 30. g4 Qe7 31. Kc2 Qc5 32. Qf4 Qe7 33. Kd3 b5
34. cxb5 cxb5 35. Bb4 Qd7+ 36. Qd4 Nb6 37. Qd6+ Kd8 38. Ke4 Qxd6 39. Bxd6 Nd7
40. f4 a6 41. f5 Ke8 42. Kf4 Nb6 43. Bc5 Nd7 44. Be3 Ke7 45. Ke4 f6 46. fxe6
Kxe6 47. exf6 Nxf6+ 48. Kf3 Nd5 49. Bc5 Kf7 50. Ke4 Ke6 51. Bf8 Nf6+ 52. Kf4
Kf7 53. Bc5 g6 54. Bd4 a5 55. hxg6+ 1/2-1/2

[Event "Championnat de France des Jeunes - Cade"]
[Site "TROYES"]
[Date "2010.04.13"]
[Round "4.4"]
[White "Lefevre, Margaux"]
[Black "Armas, Lena"]
[Result "0-1"]
[WhiteElo "2036"]
[BlackElo "1816"]
[PlyCount "100"]
[EventDate "2010.??.??"]

1. e4 d5 2. exd5 Qxd5 3. Nc3 Qd6 4. d4 Nf6 5. Nf3 a6 6. g3 Nc6 7. Bg2 Bg4 8.
O-O O-O-O 9. Bf4 Qb4 10. a3 Qxb2 11. Qd3 Bxf3 12. Rfb1 Qxa1 13. Rxa1 Bxg2 14.
Kxg2 Rxd4 15. Qe2 e6 16. Be3 Rd7 17. Na4 Nd5 18. Bc5 Nc3 19. Nxc3 Bxc5 20. Na4
Ba7 21. Rd1 Rhd8 22. Rxd7 Rxd7 23. c3 Rd5 24. Nb2 Ne5 25. a4 Ng6 26. Nd3 h5 27.
Qe4 Rf5 28. f4 Ne7 29. c4 Nc6 30. Qe1 Bd4 31. h3 Ra5 32. Qd1 g6 33. Ne1 Rc5 34.
Qd3 Ra5 35. Qb3 Rc5 36. Nd3 Na5 37. Qb4 Nc6 38. Qb3 Na5 39. Qa3 Nxc4 40. Qb4 a5
41. Qe1 Ne3+ 42. Kf3 Rc3 43. Ke4 Rc4 44. Kf3 Rxa4 45. Qb1 c6 46. Ke2 Nd5 47.
Qb3 b5 48. Nc1 Rb4 49. Qd3 Rb2+ 50. Ke1 Bf2+ 0-1